000 00646cam a2200241 4500
001 M85980
008 090401t1997 xxu||||| |||| 00| 0 eng d
035 _a(Sirsi) u80395
041 _aeng
050 _a333.70285
110 _aAssociation for Geographic Information
_9166
245 _aAGI local government GIS survey.
260 _aLondon
_bAssociation for Geographic Information
_c1997
300 _a37p. ; 21cm.
350 _a24.95
520 _aResearch conducted by Business Research Centre.
650 _aGIS
650 _aGIS
650 _aLOCAL GOVERNMENT
690 _aLAND SURVEYING
942 _n0
948 _c21/08/1997
999 _c96617
_d96617